MARC details
| 000 -CABECERA |
| campo de control de longitud fija |
01182nam a2200313 a 4500 |
| 001 - NÚMERO DE CONTROL |
| campo de control |
000005384 |
| 005 - FECHA Y HORA DE LA ÚLTIMA TRANSACCIÓN |
| campo de control |
20200929151648.0 |
| 008 - DATOS DE LONGITUD FIJA--INFORMACIÓN GENERAL |
| campo de control de longitud fija |
090819s1979 sp 000 0 esp d |
| 020 ## - NÚMERO INTERNACIONAL ESTÁNDAR DEL LIBRO |
| Número Internacional Estándar del Libro |
8400043782 |
| 040 ## - FUENTE DE LA CATALOGACIÓN |
| Centro catalogador/agencia de origen |
DO-SdBNP |
| Lengua de catalogación |
spa |
| Centro/agencia transcriptor |
BNPHU |
| 041 17 - CÓDIGO DE LENGUA |
| Código de lengua del texto/banda sonora o título independiente |
spa |
| Fuente del código |
grc |
| 082 ## - NÚMERO DE LA CLASIFICACIÓN DECIMAL DEWEY |
| Número de clasificación |
220.6 |
| Número de documento/Ítem |
T388 |
| 049 ## - FONDOS LOCALES (OCLC) |
| Fondos de biblioteca |
BNPD |
| 100 1# - ENTRADA PRINCIPAL--NOMBRE DE PERSONA |
| Nombre de persona |
Theodoreti, |
| Títulos y otros términos asociados al nombre |
Bishop of Cyrensis |
| Fechas asociadas al nombre |
ca. 393-c.a 466 |
| 9 (RLIN) |
15281 |
| 240 10 - TÍTULO UNIFORME |
| Título uniforme |
Quaestiones in octateuchum |
| 245 10 - MENCIÓN DE TÍTULO |
| Título |
Theodoreti Cyrensis quaestiones in octateuchum. / |
| Mención de responsabilidad, etc. |
edición crítica Natalio Fernández Marcos, Angel Sáenz-Badillos. |
| 250 ## - MENCIÓN DE EDICIÓN |
| Mención de edición |
Ed. crítica |
| 260 ## - PUBLICACIÓN, DISTRIBUCIÓN, ETC. |
| Lugar de publicación, distribución, etc. |
Madrid, : |
| Nombre del editor, distribuidor, etc. |
CSIC, |
| Fecha de publicación, distribución, etc. |
1979. |
| 300 ## - DESCRIPCIÓN FÍSICA |
| Extensión |
lxiii, 345 p. ; |
| Dimensiones |
25 cm. |
| 490 1# - MENCIÓN DE SERIE |
| Mención de serie |
Textos y estudios Cardenal Cisneros |
| 600 10 - PUNTO DE ACCESO ADICIONAL DE MATERIA--NOMBRE DE PERSONA |
| Nombre de persona |
THEODORETI, |
| Títulos y otros términos asociados al nombre |
BISHOP OF CYRENSIS |
| Subdivisión general |
CRÍTICA E INTERPRETACIÓN |
| 9 (RLIN) |
15282 |
| 650 #4 - PUNTO DE ACCESO ADICIONAL DE MATERIA--TÉRMINO DE MATERIA |
| Término de materia o nombre geográfico como elemento de entrada |
Biblia |
| Subdivisión general |
Crítica e interpretación |
| 9 (RLIN) |
15283 |
| 650 #4 - PUNTO DE ACCESO ADICIONAL DE MATERIA--TÉRMINO DE MATERIA |
| Término de materia o nombre geográfico como elemento de entrada |
Biblia |
| Subdivisión general |
Crítica textual |
| 9 (RLIN) |
15284 |
| 700 1# - PUNTO DE ACCESO ADICIONAL--NOMBRE DE PERSONA |
| Nombre de persona |
Fernández Marcos, Natalio, |
| Término indicativo de función/relación |
ed. |
| 9 (RLIN) |
15285 |
| 700 1# - PUNTO DE ACCESO ADICIONAL--NOMBRE DE PERSONA |
| Nombre de persona |
Sáenz-Badillos, Angel |
| Término indicativo de función/relación |
ed. |
| 9 (RLIN) |
15286 |
| 710 2# - PUNTO DE ACCESO ADICIONAL--NOMBRE DE ENTIDAD CORPORATIVA |
| Nombre de entidad corporativa o nombre de jurisdicción como elemento de entrada |
Consejo Superior de Investigaciones Científicas |
| 9 (RLIN) |
4786 |
| 830 #0 - PUNTO DE ACCESO ADICIONAL DE SERIE-TÍTULO UNIFORME |
| Título uniforme |
Textos escolares Cardenal Cisneros |
| 9 (RLIN) |
15287 |
| 910 ## - DATOS DE OPCIÓN DEL USUARIO (OCLC) |
| Datos de opción del usuario |
Validado. Control de calidad BNPHU |